El utilitarismo de Bentham y Stuart Mill (Registro nro. 28563)

Detalles MARC
000 -LEADER
fixed length control field 00393 a2200109 4500
001 - CONTROL NUMBER
control field ART_23482
005 - DATE AND TIME OF LATEST TRANSACTION
control field 20260410161931.0
008 - FIXED-LENGTH DATA ELEMENTS--GENERAL INFORMATION
fixed length control field 260409a
100 1# - MAIN ENTRY--PERSONAL NAME
Personal name Letizia, Francisco
245 10 - TITLE STATEMENT
Title El utilitarismo de Bentham y Stuart Mill
773 0# - HOST ITEM ENTRY
Title Revista de la Facultad de Ciencias Económicas de la Universidad de Cuyo
Related parts - Año XXXVII, Nº 91/92 (ene./dic. 1985)
Record control number REV22981

No hay ítems disponibles.